00908nam a2200217 a 4500001001000000003000500010005001700015008004100032010001100073011001100084040000900095100003600104245013100140260004100271500006000312502009000372650006200462650004600524650005000570856007000620000114618CHAP20220329144450.0180309s2017 mx a fsm |||||||spa d a111079 a112051 cCHAP1 aGonzález Ramírez, Alejandro10aRedes de innovación en el sistema de traspatio de la Ciudad de México /h[En línea]cpor Alejandro González Ramírez. aChapingo, Méx. :bEl autor,c2017. aPara ver el contenido del material haga clic en la liga aTesis (Lic. en Redes Agroalimentarias) -- UACH. Centro Regional Universitario Oriente14aAgricultura de subsistenciaxProgramas de capacitación.14aAgricultura de subsistenciaxRendimiento.14aAgricultura de subsistenciazMéxico (D.F.). aFinding aiduhttp://10.13.5.2/tesis/sist114618.pdfzTeclea aquí